01189nam a2200337 a 450000100060000000300080000600500170001400600190003100700150005000800410006502000180010603500230012403500240014703500250017103500210019604000260021705000220024308000140026508200170027910000240029624500800032026000600040030000110046053301640047165000420063565000490067765500270072671000190075385600620077299900170083443791FlNmELB20241216222144.0m o d | cr cn|||||||||201107r2003 cu |||||s|||||||||||spa d z9789592585317 a(MiAaPQ)EBC3194167 a(Au-PeEL)EBL3194167 a(CaPaEBR)ebr10479356 a(OCoLC)929436167 aFlNmELBbspacFlNmELB 4aPC4111bO771 2003 a811.134.204a808.04612221 aOrtega, Evangelina.10aRedacción y composición IIh[recurso electronico] /cEvangelina Ortega. aCiudad de la Habana :bEditorial Félix Varela,c2003. a387 p. aRecurso electrónico. Santa Fe, Arg.: e-libro, 2015. Disponible vía World Wide Web. El acceso puede estar limitado para las bibliotecas afiliadas a e-libro. 0aEspañol (Lengua)xArte de escribir. 0aSpanish languagexComposition and exercises. 4aLibros electrónicos.2 ae-libro, Corp.40uhttps://elibro.net/ereader/politecnicointernacional/71791 c43791d43791